[Event "Gatineau Nez rouge B"]
[Site "Gatineau"]
[Date "2006.11.21"]
[Round "1"]
[White "Charette, Jean Sebastien"]
[Black "Parent, Patrick"]
[Result "1-0"]
[WhiteElo "1347"]
[BlackElo "1643"]
[PlyCount "60"]
[EventDate "2006.11.21"]
[EventType "swiss"]
[EventRounds "5"]
[EventCountry "CAN"]
[SourceTitle "EXT 2022"]
[Source "ChessBase"]
[SourceDate "2021.10.06"]
[SourceVersion "1"]
[SourceVersionDate "2021.10.06"]
[SourceQuality "1"]

1. e4 c5 2. c3 g6 3. Nf3 Bg7 4. Bc4 e6 5. d4 Qc7 6. Na3 a6 7. Qd3 b5 8. Bxb5 axb5 9. Nxb5 Qd8 10. Ng5 Nh6 11. Nd6+ Kf8 12. Qf3 f6 13. e5 Ra6 14. exf6 Rxd6 15. fxg7+ Kxg7 16. Ne4 Rd5 17. Qf4 Nf7 18. Qxb8 Qh4 19. Nxc5 Rxc5 20. dxc5 Qe4+ 21. Be3 Ba6 22. Qb4 Qc2 23. Qd4+ e5 24. Qd2 Qa4 25. b3 Qa3 26. c4 d5 27. cxd6 Rd8 28. 0-0 Rxd6 29. Qc3 Bb7 30. f4 Qa8 1-0